000 00354nam a22001337a 4500
999 _c13832
_d13832
020 _a9780071626774
082 _a005.8
100 _aAaron Philipp ; David Cowen ; Chris Davis
245 _aHacking Exposed Computer Forensics: Secrets & Solutions
250 _a2nd edition
260 _aNew York
_bMcGraw Hill
_c2010
300 _a518 pages
942 _cBK